Southville International School and Colleges
Your cart is empty.
  • Cart
  • Lists
    Public lists Eva Luna New books Lux_list list_1
    Your lists Log in to create your own lists
  • Log in to your account
  • Your cookies
  • Search history
Southville International School and Colleges
  • Advanced search
  • Recent comments
  • Most popular
  • Libraries

Log in to your account

Log in with GOOGLE


If you do not have an external account, but do have a local account, you can still log in:

  1. Home
  2. MARC view: Breakfast and brunches :
Normal view MARC view ISBD view

Breakfast and brunches : (Record no. 300745)

[ view plain ]
MARC details
000 -LEADER
fixed length control field 00678nam a2200253Ia 4500
008 - FIXED-LENGTH DATA ELEMENTS--GENERAL INFORMATION
fixed length control field 160819s9999 xx 000 0 und d
020 ## - INTERNATIONAL STANDARD BOOK NUMBER
International Standard Book Number 981-232-129-2
050 ## - LIBRARY OF CONGRESS CALL NUMBER
Classification number CUL TX 733
050 ## - LIBRARY OF CONGRESS CALL NUMBER
Item number .Z35 2002
100 ## - MAIN ENTRY--PERSONAL NAME
Personal name Noor, Zaida Mohd/
245 ## - TITLE STATEMENT
Title Breakfast and brunches :
245 ## - TITLE STATEMENT
Remainder of title scrumptious meals to start your day the Asian way /
245 ## - TITLE STATEMENT
Statement of responsibility, etc Zaidah Mohd Noor.
260 ## - PUBLICATION, DISTRIBUTION, ETC. (IMPRINT)
Place of publication, distribution, etc Singapore :
260 ## - PUBLICATION, DISTRIBUTION, ETC. (IMPRINT)
Name of publisher, distributor, etc Times Media Private Ltd.,
260 ## - PUBLICATION, DISTRIBUTION, ETC. (IMPRINT)
Date of publication, distribution, etc 2002
300 ## - PHYSICAL DESCRIPTION
Extent 84 pages :
300 ## - PHYSICAL DESCRIPTION
Other physical details color illustrations ;
300 ## - PHYSICAL DESCRIPTION
Dimensions 24 cm.
440 ## - SERIES STATEMENT/ADDED ENTRY--TITLE
Title Celebrity chefs' cookbooks
650 ## - SUBJECT ADDED ENTRY--TOPICAL TERM
Topical term or geographic name as entry element Breakfasts.
650 ## - SUBJECT ADDED ENTRY--TOPICAL TERM
Topical term or geographic name as entry element Cookery, Asian.
650 ## - SUBJECT ADDED ENTRY--TOPICAL TERM
General subdivision Brunches.
Holdings
Withdrawn status Lost status Damaged status Home library Current library Shelving location Date acquired Cost, normal purchase price Total Checkouts Full call number Barcode Date last seen Price effective from Koha item type
      South Mansfield College South Mansfield College   01/09/2008 756.00   CUL TX 733 .Z35 2002 SMC03853 08/19/2016 08/19/2016  

Breakfast and brunches :

APA

Noor Z. M., .Breakfast and brunches. Singapore: .

Chicago

Noor Zaida Mohd, .Breakfast and brunches. Singapore: .

Harvard

Noor Z. M., .Breakfast and brunches. Singapore: .

MLA

Noor Zaida Mohd, .Singapore: . .

  • Place hold
  • Print
  • Cite
  • Add to your cart (remove)
  • Save record
    BIBTEX Dublin Core MARCXML MARC (non-Unicode/MARC-8) MARC (Unicode/UTF-8) MARC (Unicode/UTF-8, Standard) MODS (XML) RIS
  • More searches
    Search for this title in:
    Other Libraries (WorldCat) Other Databases (Google Scholar) Online Stores (Bookfinder.com) Open Library (openlibrary.org)

Exporting to Dublin Core...

SOUTHVILLE LIBRARY

Southville International School and Colleges Library

1281 Tropical Ave. Cor. Luxembourg St., BF Homes International, Las Pinas City

Tel. No. 8256374 / 252358 Loc. 117/146

Powered by Koha